[Event "WchT Seniors 50"]
[Site "Dresden"]
[Date "2018.07.11"]
[Round "5.6"]
[White "Schunk, Thomas"]
[Black "Leow, Leslie M"]
[Result "0-1"]
[WhiteElo "2162"]
[BlackElo "2419"]
[PlyCount "166"]
[EventDate "2018.07.07"]
[EventType "team-swiss"]
[EventRounds "9"]
[EventCountry "GER"]
[SourceTitle "CBM 185 Extra"]
[Source "ChessBase"]
[SourceDate "2018.07.29"]
[SourceVersion "1"]
[SourceVersionDate "2018.07.29"]
[SourceQuality "1"]
[WhiteTeam "Leipzig Schachfreunde II"]
[BlackTeam "Temasek Knights"]
[WhiteTeamCountry "GER"]
[BlackTeamCountry "SIN"]

1. c4 f5 2. g3 Nf6 3. Bg2 g6 4. Nc3 Bg7 5. d4 0-0 6. Nf3 d6 7. 0-0 c6 8. Qc2 Qc7 9. b3 e5 10. dxe5 dxe5 11. Ba3 Re8 12. Rad1 e4 13. Bd6 Qa5 14. b4 Qa6 15. b5 Qa5 16. Nd4 Bd7 17. Nb3 Qd8 18. a4 Be6 19. Nc5 Qc8 20. f3 exf3 21. exf3 Bxc4 22. Rfe1 Nbd7 23. N3e4 Bd5 24. Nc3 Bf7 25. Rxe8+ Nxe8 26. Nxd7 Qxd7 27. Bc5 Qe6 28. Bf2 Qc4 29. Rc1 cxb5 30. Nxb5 Qxc2 31. Rxc2 Bb3 32. Rc1 a6 33. Nd4 Bxa4 34. f4 Rd8 35. Ne6 Rd7 36. Nc5 Rd1+ 37. Rxd1 Bxd1 38. Bd5+ Kh8 39. Nxb7 Bc3 40. Bb6 Be2 41. h3 Nf6 42. Bc6 Ne4 43. g4 Kg7 44. gxf5 gxf5 45. Bd7 Kg6 46. Be8+ Kf6 47. Bd7 Bb5 48. Bc8 Bd2 49. Bd8+ Kg6 50. Bc7 Nc5 51. Nd6 Bd3 52. Bb6 Na4 53. Bd4 Bxf4 54. Nxf5 Bxf5 55. Bxa6 Bd6 56. Bb5 Nc5 57. Be8+ Kg5 58. Bc6 Bxh3 59. Be3+ Kf6 60. Bd4+ Ke6 61. Be3 Bf5 62. Bf3 Kf6 63. Bd4+ Kg6 64. Bc6 h5 65. Be3 h4 66. Bf3 Nd3 67. Bc6 Kf6 68. Kh1 Ke6 69. Bb7 Kf7 70. Bd5+ Kg7 71. Bg5 Bg3 72. Be3 Kf6 73. Bd4+ Kg5 74. Be3+ Kg4 75. Kg1 Bg6 76. Kh1 Nf2+ 77. Kg1 Ne4 78. Be6+ Kf3 79. Bh6 Bf4 80. Bg7 Kg3 81. Bd4 Bh5 82. Bf5 Bf3 83. Be6 h3 0-1

[Event "WchT Seniors 50"]
[Site "Dresden"]
[Date "2018.07.09"]
[Round "3.7"]
[White "Bruch, Jochen"]
[Black "Leow, Leslie M"]
[Result "1/2-1/2"]
[WhiteElo "2222"]
[BlackElo "2419"]
[PlyCount "37"]
[EventDate "2018.07.07"]
[EventType "team-swiss"]
[EventRounds "9"]
[EventCountry "GER"]
[SourceTitle "CBM 185 Extra"]
[Source "ChessBase"]
[SourceDate "2018.07.29"]
[SourceVersion "1"]
[SourceVersionDate "2018.07.29"]
[SourceQuality "1"]
[WhiteTeam "Rheinland Pfalz"]
[BlackTeam "Temasek Knights"]
[WhiteTeamCountry "GER"]
[BlackTeamCountry "SIN"]

1. Nf3 f5 2. g3 Nf6 3. Bg2 g6 4. 0-0 Bg7 5. d3 0-0 6. e4 fxe4 7. dxe4 d6 8. e5 Ng4 9. exd6 exd6 10. Bg5 Qd7 11. c3 Nc6 12. Na3 Qf7 13. Nc2 Nge5 14. Nxe5 Nxe5 15. f3 Be6 16. b3 Bd5 17. Ne1 Rae8 18. Qd2 Nd7 19. Nd3 1/2-1/2

[Event "WchT Seniors 50"]
[Site "Dresden"]
[Date "2018.07.08"]
[Round "2.6"]
[White "Leow, Leslie M"]
[Black "Nake, Matthias"]
[Result "1/2-1/2"]
[WhiteElo "2419"]
[BlackElo "2182"]
[PlyCount "52"]
[EventDate "2018.07.07"]
[EventType "team-swiss"]
[EventRounds "9"]
[EventCountry "GER"]
[SourceTitle "CBM 185 Extra"]
[Source "ChessBase"]
[SourceDate "2018.07.29"]
[SourceVersion "1"]
[SourceVersionDate "2018.07.29"]
[SourceQuality "1"]
[WhiteTeam "Temasek Knights"]
[BlackTeam "Dresden Gruen Weiss"]
[WhiteTeamCountry "SIN"]
[BlackTeamCountry "GER"]

1. e4 c5 2. Nf3 d6 3. Bb5+ Bd7 4. Bxd7+ Nxd7 5. c4 Ngf6 6. Nc3 e6 7. 0-0 Be7 8. d4 cxd4 9. Nxd4 0-0 10. Qe2 Rc8 11. b3 Qa5 12. Bb2 Rfd8 13. f4 a6 14. Rac1 Qc5 15. Kh1 Bf8 16. Rcd1 Qh5 17. Nf3 b5 18. cxb5 axb5 19. Nxb5 Nxe4 20. Qxe4 Qxb5 21. Ng5 Qf5 22. Qxf5 exf5 23. Kg1 Nc5 24. Bd4 d5 25. Rc1 Nd3 26. Rcd1 Nc5 1/2-1/2

[Event "Olympiad-30"]
[Site "Manila"]
[Date "1992.06.17"]
[Round "9.1"]
[White "Leow, Leslie M"]
[Black "Torre, Eugenio"]
[Result "1/2-1/2"]
[WhiteElo "2455"]
[BlackElo "2555"]
[PlyCount "107"]
[EventDate "1992.06.08"]
[EventType "team-swiss"]
[EventRounds "14"]
[EventCountry "PHI"]
[SourceTitle "TD"]
[Source "ChessBase"]
[SourceDate "1994.03.01"]
[SourceVersion "1"]
[SourceVersionDate "1994.03.01"]
[SourceQuality "1"]
[WhiteTeam "Singapore"]
[BlackTeam "Philippines"]
[WhiteTeamCountry "SIN"]
[BlackTeamCountry "PHI"]

1. e4 d6 2. d4 Nf6 3. Nc3 g6 4. f4 Bg7 5. Nf3 0-0 6. Bd3 Na6 7. e5 Nd7 8. Be3 Nb4 9. Bc4 Nb6 10. Bb3 c6 11. 0-0 a5 12. a3 N4d5 13. Nxd5 cxd5 14. Qe2 a4 15. Ba2 Bf5 16. h3 Nc4 17. c3 Qb6 18. Rf2 Rac8 19. Raf1 Nxe3 20. Qxe3 Qb5 21. g4 Be4 22. Ng5 dxe5 23. dxe5 Bd3 24. Rd1 Bc4 25. Bb1 Qc5 26. Qg3 Rfd8 27. Nf3 f6 28. e6 d4 29. Nxd4 Bxe6 30. Re1 Bf7 31. f5 Bh6 32. Bc2 b5 33. Bd3 Rb8 34. Rfe2 Bf8 35. Qf3 Rb6 36. Kg2 Bd5 37. Be4 Bc4 38. Bd3 Bd5 39. Be4 Bc4 40. Re3 Bh6 41. fxg6 hxg6 42. Bxg6 e5 43. Nf5 Bxe3 44. Nxe3 Bd5 45. Nxd5 Qxd5 46. Be4 Qd2+ 47. Re2 Qg5 48. Kg3 Rdd6 49. h4 Qh6 50. Qf5 Qg7 51. Rf2 Qd7 52. Qg6+ Qg7 53. Qf5 Qd7 54. Qg6+ 1/2-1/2

[Event "New York op"]
[Site "New York"]
[Date "1992.??.??"]
[Round "6"]
[White "Dlugy, Maxim"]
[Black "Leow, Leslie M"]
[Result "1-0"]
[WhiteElo "2550"]
[BlackElo "2455"]
[PlyCount "59"]
[EventDate "1992.04.??"]
[EventType "swiss"]
[EventRounds "9"]
[EventCountry "USA"]
[SourceTitle "TD"]
[Source "ChessBase"]
[SourceDate "1994.03.01"]
[SourceVersion "1"]
[SourceVersionDate "1994.03.01"]
[SourceQuality "1"]

1. d4 f5 2. g3 g6 3. Bg2 Nf6 4. c3 Bg7 5. Qb3 c6 6. Nd2 d6 7. Ngf3 Qb6 8. Qc2 0-0 9. 0-0 d5 10. c4 Ne4 11. e3 Be6 12. b3 a5 13. a3 Nd7 14. Rb1 Qa6 15. a4 b5 16. Nxe4 dxe4 17. Ng5 Bf7 18. Nxf7 Kxf7 19. f3 exf3 20. Bxf3 b4 21. Bb2 Kg8 22. e4 e6 23. exf5 exf5 24. d5 c5 25. Rbe1 Rae8 26. Re6 Rxe6 27. dxe6 Nf6 28. Re1 Re8 29. Qd2 Ne4 30. Qd7 1-0

[Event "New York op"]
[Site "New York"]
[Date "1992.??.??"]
[Round "9"]
[White "Meeres, Mark"]
[Black "Leow, Leslie M"]
[Result "1-0"]
[WhiteElo "2280"]
[BlackElo "2455"]
[PlyCount "61"]
[EventDate "1992.04.??"]
[EventType "swiss"]
[EventRounds "9"]
[EventCountry "USA"]
[SourceTitle "TD"]
[Source "ChessBase"]
[SourceDate "1994.03.01"]
[SourceVersion "1"]
[SourceVersionDate "1994.03.01"]
[SourceQuality "1"]

1. d4 f5 2. c4 Nf6 3. Nf3 g6 4. Nc3 Bg7 5. g3 0-0 6. Bg2 d6 7. 0-0 c6 8. d5 Bd7 9. Nd2 e5 10. Qb3 Qb6 11. c5 dxc5 12. dxc6+ Qxb3 13. cxb7 Qb6 14. bxa8Q Nc6 15. Nd5 Nxd5 16. Bxd5+ Kh8 17. Nc4 Qc7 18. Qxf8+ Bxf8 19. Bd2 Nb4 20. Bc3 Bg7 21. Rfd1 h5 22. Bxb4 cxb4 23. Rac1 e4 24. e3 Bf6 25. Nd6 Qb6 26. Bb3 Kg7 27. Nxe4 fxe4 28. Rxd7+ Kh6 29. Bd5 Qb5 30. Rc6 Kg5 31. Bxe4 1-0

[Event "Olympiad-29"]
[Site "Novi Sad"]
[Date "1990.12.03"]
[Round "14"]
[White "Roselli Mailhe, Bernardo"]
[Black "Leow, Leslie M"]
[Result "1/2-1/2"]
[WhiteElo "2365"]
[BlackElo "2455"]
[PlyCount "31"]
[EventDate "1990.11.17"]
[EventType "team-swiss"]
[EventRounds "14"]
[EventCountry "YUG"]
[SourceTitle "EXT 2019"]
[Source "ChessBase"]
[SourceDate "2018.10.10"]
[SourceVersion "1"]
[SourceVersionDate "2018.10.10"]
[SourceQuality "1"]
[WhiteTeam "Uruguay"]
[BlackTeam "Singapore"]
[WhiteTeamCountry "URU"]
[BlackTeamCountry "SIN"]

1. e4 Nf6 2. e5 Nd5 3. d4 d6 4. Nf3 g6 5. Bc4 Nb6 6. Bb3 Bg7 7. Ng5 e6 8. Qf3 0-0 9. Qh3 h6 10. Nf3 dxe5 11. dxe5 Nc6 12. Bxh6 Nxe5 13. Bxg7 Nxf3+ 14. Qxf3 Kxg7 15. Nc3 Qf6 16. Qg3 1/2-1/2

[Event "Philadelphia"]
[Site "Philadelphia"]
[Date "1989.??.??"]
[Round "3"]
[White "Garcia, Gildardo"]
[Black "Leow, Leslie M"]
[Result "1/2-1/2"]
[WhiteElo "2430"]
[BlackElo "2445"]
[PlyCount "93"]
[EventDate "1989.??.??"]
[EventType "tourn"]
[EventRounds "11"]
[EventCountry "USA"]
[EventCategory "4"]
[SourceTitle "EXT 1997"]
[Source "ChessBase"]
[SourceDate "1996.11.15"]
[SourceVersion "1"]
[SourceVersionDate "1996.11.15"]
[SourceQuality "1"]

1. e4 Nf6 2. e5 Nd5 3. d4 d6 4. Nf3 g6 5. Bc4 Nb6 6. Bb3 Bg7 7. a4 a5 8. Ng5 e6 9. Qf3 Qe7 10. exd6 cxd6 11. c3 0-0 12. 0-0 h6 13. Ne4 Kh7 14. Re1 f5 15. Ng3 e5 16. dxe5 dxe5 17. Na3 N8d7 18. Nb5 Nc5 19. Bc2 Bd7 20. Qe2 Rae8 21. Be3 Nd5 22. Nf1 Ne6 23. Rad1 Nef4 24. Qd2 Bc6 25. f3 Nxe3 26. Nxe3 Rd8 27. Qf2 e4 28. Nd4 Bxd4 29. Rxd4 Qg5 30. h4 Nh3+ 31. Kf1 Nxf2 32. hxg5 Nd3 33. Bxd3 exd3 34. b3 Rxd4 35. cxd4 Rd8 36. d5 Bxd5 37. Nxd5 Rxd5 38. Re7+ Kg8 39. Ke1 hxg5 40. Rxb7 Re5+ 41. Kd2 Re2+ 42. Kxd3 Rxg2 43. Kd4 Rg3 44. Ke5 Rxf3 45. Kf6 g4 46. Rb8+ Kh7 47. Rb7+ 1/2-1/2

[Event "Philadelphia"]
[Site "Philadelphia"]
[Date "1989.??.??"]
[Round "9"]
[White "Leow, Leslie M"]
[Black "Dehmelt, Karl"]
[Result "1/2-1/2"]
[WhiteElo "2445"]
[BlackElo "2310"]
[PlyCount "52"]
[EventDate "1989.??.??"]
[EventType "tourn"]
[EventRounds "11"]
[EventCountry "USA"]
[EventCategory "4"]
[SourceTitle "EXT 1997"]
[Source "ChessBase"]
[SourceDate "1996.11.15"]
[SourceVersion "1"]
[SourceVersionDate "1996.11.15"]
[SourceQuality "1"]

1. e4 e5 2. Nf3 Nc6 3. Bb5 a6 4. Ba4 Nf6 5. 0-0 Be7 6. d4 exd4 7. Re1 b5 8. Bb3 d6 9. Bd5 Nxd5 10. exd5 Ne5 11. Nxd4 Bd7 12. Nc3 0-0 13. f4 c5 14. fxe5 cxd4 15. Qxd4 dxe5 16. Qxe5 Re8 17. Qg3 b4 18. Nd1 Bf5 19. Qf2 Qxd5 20. Ne3 Bc5 21. Rf1 Bxe3 22. Bxe3 Bxc2 23. Bc5 b3 24. axb3 Bxb3 25. Bb4 Qe4 26. Bc3 Qe3 1/2-1/2

[Event "Philadelphia"]
[Site "Philadelphia"]
[Date "1989.??.??"]
[Round "1"]
[White "Szmetan, Ricardo"]
[Black "Leow, Leslie M"]
[Result "0-1"]
[WhiteElo "2300"]
[BlackElo "2445"]
[PlyCount "120"]
[EventDate "1989.??.??"]
[EventType "tourn"]
[EventRounds "11"]
[EventCountry "USA"]
[EventCategory "4"]
[SourceTitle "EXT 1997"]
[Source "ChessBase"]
[SourceDate "1996.11.15"]
[SourceVersion "1"]
[SourceVersionDate "1996.11.15"]
[SourceQuality "1"]

1. d4 d5 2. c4 e5 3. dxe5 d4 4. Nf3 Nc6 5. g3 Nge7 6. Nbd2 Ng6 7. a3 Ncxe5 8. Nxe5 Nxe5 9. Bg2 Be7 10. 0-0 0-0 11. b4 a5 12. Bb2 Be6 13. Nb3 Nxc4 14. Bxd4 axb4 15. axb4 Bxb4 16. Bxb7 Rb8 17. Bg2 Nd2 18. Nxd2 Qxd4 19. Nf3 Qf6 20. Qd4 c5 21. Qxf6 gxf6 22. Rfc1 Rfd8 23. e3 Rd3 24. Bf1 Ra3 25. Rxa3 Bxa3 26. Ra1 Bb2 27. Ra4 Rb4 28. Rxb4 cxb4 29. Bd3 Bc3 30. Bb1 Bb3 31. Nd4 Bxd4 32. exd4 Bd1 33. Kf1 h6 34. Ke1 Bb3 35. Kd2 Kf8 36. Ke3 Ke7 37. Kf4 Kd6 38. Kf5 Kd5 39. Kxf6 Kxd4 40. g4 Bc4 41. Bc2 Kc3 42. Ba4 Bb3 43. Be8 Bd5 44. Ba4 Be4 45. f4 Bc2 46. g5 hxg5 47. Bxc2 Kxc2 48. f5 b3 49. Kxf7 b2 50. f6 b1Q 51. Kg8 Kd2 52. f7 Qg6+ 53. Kf8 g4 54. Ke7 Qg7 55. Ke8 Qe5+ 56. Kd7 Qf6 57. Ke8 Qe6+ 58. Kf8 Ke3 59. Kg7 Qe7 60. Kg8 Kf3 0-1

[Event "Philadelphia"]
[Site "Philadelphia"]
[Date "1988.??.??"]
[Round "3"]
[White "Leow, Leslie M"]
[Black "Stone, Raymond"]
[Result "1/2-1/2"]
[WhiteElo "2435"]
[BlackElo "2415"]
[PlyCount "53"]
[EventDate "1988.??.??"]
[EventType "tourn"]
[EventRounds "13"]
[EventCountry "USA"]
[EventCategory "3"]
[SourceTitle "EXT 2006"]
[Source "ChessBase"]
[SourceDate "2005.11.24"]
[SourceVersion "1"]
[SourceVersionDate "2005.11.24"]
[SourceQuality "1"]

1. e4 c5 2. Nf3 Nc6 3. d4 cxd4 4. Nxd4 e6 5. Nc3 Qc7 6. g3 d6 7. Ndb5 Qb8 8. Bf4 Ne5 9. a4 Nf6 10. Bg2 a6 11. Na3 Qc7 12. 0-0 Be7 13. Qd4 0-0 14. h3 Bd7 15. Be3 Rac8 16. f4 Ng6 17. Rad1 e5 18. Qb6 exf4 19. Qxc7 Rxc7 20. gxf4 Nh4 21. Bb6 Rc6 22. a5 Nxg2 23. Kxg2 Rcc8 24. Kh2 Bc6 25. Nd5 Rfe8 26. Nc7 Rf8 27. Nd5 1/2-1/2

[Event "Philadelphia"]
[Site "Philadelphia"]
[Date "1986.??.??"]
[Round "?"]
[White "Costigan, Richard"]
[Black "Leow, Leslie M"]
[Result "1/2-1/2"]
[WhiteElo "2310"]
[BlackElo "2440"]
[PlyCount "38"]
[EventDate "1986.??.??"]
[EventType "tourn"]
[EventRounds "11"]
[EventCountry "USA"]
[EventCategory "5"]
[SourceTitle "EXT 1997"]
[Source "ChessBase"]
[SourceDate "1996.11.15"]
[SourceVersion "1"]
[SourceVersionDate "1996.11.15"]
[SourceQuality "1"]

1. d4 f5 2. Nc3 g6 3. e4 fxe4 4. Nxe4 d5 5. Ng5 Bg7 6. Bd3 Qd6 7. Ne2 Nc6 8. Bf4 e5 9. dxe5 Nxe5 10. 0-0 h6 11. Nf3 Nxf3+ 12. gxf3 Qb6 13. Re1 Ne7 14. Nc3 Bxc3 15. bxc3 Bh3 16. Qd2 Qf6 17. Bf1 Bxf1 18. Kxf1 0-0-0 19. Be5 Qa6+ 1/2-1/2

[Event "Philadelphia"]
[Site "Philadelphia"]
[Date "1986.??.??"]
[Round "?"]
[White "Frias Pablaza, Victor J"]
[Black "Leow, Leslie M"]
[Result "1-0"]
[WhiteElo "2440"]
[BlackElo "2440"]
[PlyCount "63"]
[EventDate "1986.??.??"]
[EventType "tourn"]
[EventRounds "11"]
[EventCountry "USA"]
[EventCategory "5"]
[SourceTitle "EXT 1997"]
[Source "ChessBase"]
[SourceDate "1996.11.15"]
[SourceVersion "1"]
[SourceVersionDate "1996.11.15"]
[SourceQuality "1"]

1. e4 c5 2. Nf3 d6 3. d4 cxd4 4. Nxd4 Nf6 5. Nc3 a6 6. Be2 e5 7. Nb3 Be7 8. 0-0 0-0 9. Re1 Be6 10. Bf3 Nbd7 11. a4 Qc7 12. a5 b6 13. axb6 Nxb6 14. Na5 Nc4 15. Nxc4 Qxc4 16. Bd2 Rfd8 17. Ra5 d5 18. b3 Qd4 19. Ra4 Bb4 20. Nb1 Bxd2 21. Rxd4 Bxe1 22. exd5 Ba5 23. Ra4 Bb6 24. Nc3 Ra7 25. Qe2 Nxd5 26. Nxd5 Bxd5 27. Qxe5 Bc6 28. Rg4 f5 29. Qe6+ Rf7 30. Qxc6 fxg4 31. Qxb6 Re8 32. Be4 1-0

[Event "Olympiad-25"]
[Site "Luzern"]
[Date "1982.11.06"]
[Round "7"]
[White "Jhunjhnuwala, Krishan"]
[Black "Leow, Leslie M"]
[Result "1/2-1/2"]
[WhiteElo "2325"]
[BlackElo "2375"]
[PlyCount "85"]
[EventDate "1982.10.30"]
[EventType "team-swiss"]
[EventRounds "14"]
[EventCountry "SUI"]
[SourceTitle "EXT 1997"]
[Source "ChessBase"]
[SourceDate "1996.11.15"]
[SourceVersion "1"]
[SourceVersionDate "1996.11.15"]
[SourceQuality "1"]
[WhiteTeam "Hong Kong"]
[BlackTeam "Singapore"]
[WhiteTeamCountry "HKG"]
[BlackTeamCountry "SIN"]

1. e4 c5 2. c3 d6 3. d4 Nf6 4. dxc5 Nc6 5. f3 d5 6. exd5 Qxd5 7. Qxd5 Nxd5 8. Bc4 e6 9. Bxd5 exd5 10. Be3 Ne5 11. b4 a5 12. Ne2 axb4 13. cxb4 Nd3+ 14. Kd2 Nxb4 15. Nbc3 Ra5 16. Rhb1 Na6 17. Rb5 Rxb5 18. Nxb5 Bxc5 19. Bxc5 Nxc5 20. Nc7+ Kd7 21. Nxd5 Kd6 22. Ndc3 Be6 23. Nd4 Bc4 24. Rc1 Rd8 25. Ke3 Re8+ 26. Kd2 Ne6 27. Ncb5+ Kc5 28. Nxe6+ Rxe6 29. Nc3 Kd4 30. Rb1 Rg6 31. g3 Rh6 32. h4 Rf6 33. Ne2+ Kc5 34. Rxb7 Rxf3 35. Rc7+ Kd5 36. Nf4+ Kd4 37. Ne2+ Bxe2 38. Kxe2 Rxg3 39. Rxf7 Ke5 40. Kf2 Rg4 41. Kf3 h5 42. Re7+ Kd5 43. Rf7 1/2-1/2

[Event "Lloyds Bank op-03"]
[Site "London"]
[Date "1979.??.??"]
[Round "9"]
[White "Davies, Nigel Rodney"]
[Black "Leow, Leslie M"]
[Result "1/2-1/2"]
[WhiteElo "2220"]
[BlackElo "2280"]
[PlyCount "141"]
[EventDate "1979.08.??"]
[EventType "swiss"]
[EventRounds "9"]
[EventCountry "ENG"]
[SourceTitle "MCD"]
[Source "ChessBase"]
[SourceDate "1999.07.01"]
[SourceVersion "1"]
[SourceVersionDate "1999.07.01"]
[SourceQuality "1"]

1. f4 c5 2. Nf3 g6 3. e4 Bg7 4. Nc3 Nc6 5. Bc4 e6 6. d3 Nge7 7. e5 d5 8. exd6 Nf5 9. Ne4 Nxd6 10. Nxd6+ Qxd6 11. 0-0 0-0 12. a4 b6 13. Ng5 Na5 14. Ba2 Qd4+ 15. Kh1 Qxa4 16. f5 Qh4 17. f6 Bh8 18. Ne4 e5 19. Bg5 Qg4 20. Qxg4 Bxg4 21. Bh6 Rfd8 22. Rae1 Rac8 23. Ng5 c4 24. dxc4 Nxc4 25. Re4 Rd4 26. Rxd4 exd4 27. Rf4 Bf5 28. g4 Bxc2 29. Rxd4 b5 30. Bxc4 bxc4 31. Rd6 a5 32. Nf3 Be4 33. Kg2 a4 34. Kf2 c3 35. bxc3 a3 36. Nd2 Bc2 37. Ra6 Bxf6 38. Rxa3 Bxc3 39. Nf3 Be4 40. Kg3 Bd5 41. Kf2 Bb2 42. Rd3 Be4 43. Rb3 Bg7 44. Bxg7 Kxg7 45. Kg3 h6 46. Re3 Bd5 47. Rd3 Ba2 48. Ra3 Rc2 49. Re3 Bd5 50. Rd3 Bc4 51. Re3 Bf1 52. Ne1 Ra2 53. Rf3 Be2 54. Re3 h5 55. h3 g5 56. gxh5 f5 57. Rc3 f4+ 58. Kg2 Kh6 59. Rc2 Rxc2 60. Nxc2 Kxh5 61. Nd4 Bc4 62. Kh2 Bd5 63. Nb5 Kh4 64. Nc3 Be6 65. Ne4 Bd7 66. Nd2 Bc6 67. Nf1 f3 68. Ng3 Bd7 69. Nh1 Bxh3 70. Kg1 Bg2 71. Ng3 1/2-1/2

[Event "Asia-chT fin-A 03rd"]
[Site "Singapore"]
[Date "1979.??.??"]
[Round "1.1"]
[White "Jhunjhnuwala, Krishan"]
[Black "Leow, Leslie M"]
[Result "0-1"]
[WhiteElo "2325"]
[BlackElo "2280"]
[PlyCount "76"]
[EventDate "1979.11.??"]
[EventType "team-tourn"]
[EventRounds "7"]
[EventCountry "SIN"]
[SourceTitle "EXT 2006"]
[Source "ChessBase"]
[SourceDate "2005.11.24"]
[SourceVersion "1"]
[SourceVersionDate "2005.11.24"]
[SourceQuality "1"]
[WhiteTeam "Hong Kong"]
[BlackTeam "Singapore"]
[WhiteTeamCountry "HKG"]
[BlackTeamCountry "SIN"]

1. e4 c5 2. Nf3 e6 3. d4 cxd4 4. Nxd4 a6 5. Nc3 Qc7 6. g3 b5 7. Bg2 Bb7 8. 0-0 Nf6 9. Re1 d6 10. Bg5 Nbd7 11. a4 b4 12. Na2 Qb6 13. c3 bxc3 14. Nxc3 Be7 15. Qd2 h6 16. Be3 Ng4 17. a5 Qd8 18. b4 0-0 19. Reb1 Nxe3 20. Qxe3 Ne5 21. Bf1 Rc8 22. b5 Nc4 23. Qd3 Bf6 24. Ra4 d5 25. exd5 Ne5 26. Qe3 Rxc3 27. Qxc3 Qxd5 28. f4 Ng4 29. Nc6 axb5 30. Rxb5 Qxc6 31. Qxc6 Bxc6 32. a6 Ra8 33. h3 Ne3 34. a7 Bxb5 35. Bxb5 Nf5 36. g4 Nd6 37. Bd3 Rxa7 38. Rb4 g5 0-1

[Event "World U20-ch15"]
[Site "Groningen"]
[Date "1977.01.02"]
[Round "11"]
[White "Petursson, Margeir"]
[Black "Leow, Leslie M"]
[Result "0-1"]
[WhiteElo "2345"]
[BlackElo "2280"]
[PlyCount "70"]
[EventDate "1976.12.21"]
[EventType "swiss"]
[EventRounds "13"]
[EventCountry "NED"]
[SourceTitle "EXT 2001"]
[Source "ChessBase"]
[SourceDate "2000.11.22"]
[SourceVersion "1"]
[SourceVersionDate "2000.11.22"]
[SourceQuality "1"]

1. c4 f5 2. Nf3 Nf6 3. g3 g6 4. Bg2 Bg7 5. 0-0 0-0 6. Nc3 d6 7. Rb1 e5 8. d3 c6 9. e4 fxe4 10. dxe4 Be6 11. Qe2 Qe7 12. b3 a5 13. h3 Na6 14. Ne1 Nd7 15. Nc2 Ndc5 16. Rd1 h6 17. f3 Kh7 18. Be3 Rad8 19. Bf2 h5 20. h4 Bh6 21. Be3 g5 22. hxg5 Bxg5 23. Kf2 h4 24. Rh1 Kg7 25. g4 Nb4 26. Ne1 d5 27. cxd5 cxd5 28. Bxg5 Qxg5 29. exd5 Nxd5 30. Nxd5 Rxd5 31. Kg1 Rd2 32. f4 Qxf4 33. Qf3 Qd4+ 34. Kh2 Rxf3 35. Nxf3 Qf4+ 0-1